Statistics for Mayors of Philadelphia by Picture

Click here to take the quiz!

General Stats

  • This quiz has been taken 17 times
  • The average score is 9 of 38

Answer Stats

Answer% Correct
Ed Rendell
100%
Michael Nutter
90%
Wilson Goode
90%
Frank Rizzo
80%
Jim Kenney
80%
John F. Street
80%
Thomas B. Smith
40%
James Hugh Joseph Tate
20%
James Logan
20%
Samuel Powel
20%
Alexander Henry
10%
Anthony Morris I
10%
Bernard Samuel
10%
Charles F. Warwick
10%
Charles Willing
10%
Edward Shippen I
10%
Edwin H. Fitler
10%
Edwin S. Stuart
10%
Isaac Norris
10%
J. Hampton Moore
10%
John E. Reyburn
10%
John Swift
10%
John Weaver
10%
Joseph S. Clark, Jr.
10%
Morton McMichael
10%
Richard Vaux
10%
Robert T. Conrad
10%
Rudolph Blankenburg
10%
Samuel G. King
10%
Samuel H. Ashbridge
10%
Samuel Miles
10%
Thomas Lawrence
10%
Thomas Willing
10%
W. Freeland Kendrick
10%
William Allen
10%
William Plumsted
10%
William S. Stokley
10%
George M. Dallas
0%

Score Distribution

Percentile by Number Answered

Percent of People with Each Score

Your Score History

You have not taken this quiz